000 01083nam a2200301 i 4500
001 66546
003 ES-MaACL
005 20230906165713.0
007 t|
008 990726s1998 sp ||||0| spa d
020 _a84-450-7174-2
040 _aM-BN
_bspa
_cM-BN
080 _a821.111-31"19"
100 1 _aTolkien, J. R. R.
_9110463
245 1 3 _aLa formación de la Tierra Media
_b: el Quenta, el Ambarkanta y los Anales, junto con el primer "Silmarillion" y el primer mapa /
_cJ.R.R. Tolkien ; editado por Christopher Tolkien ; [traducción de Elías Sarhan].
250 _a1ª ed.
260 _aBarcelona :
_bMinotauro,
_c1998.
300 _a432 p., [1] h. de mapa :
_bil. ;
_c24 cm.
490 1 _aLa historia de la Tierra Media ;
_v4
500 _aIndice.
600 1 4 _aTolkien, J. R. R.-
_xCrítica e interpretación.
_9110466
700 1 _aTolkien, Christopher.
_9110462
700 1 _aSarhan, Elías.
_9103815
830 0 _aLa historia de la Tierra Media ;
_v4
_9183019
852 _aES-MaACL
_jL-27020
_bR.132379
999 _c66546
_d66546